| 000 | 00755cam a22002292 4500 | ||
|---|---|---|---|
| 001 | 0000019863 | ||
| 005 | 20151021152558.0 | ||
| 008 | 110228s xx 000 0 eng d | ||
| 020 | _a007124459X : | ||
| 040 |
_aKABU _cKABU |
||
| 100 | 1 |
_aLarsen,John E. _@0000179832 |
|
| 245 | 1 | 0 |
_aModern advanced accounting / _cE. John Larsen. |
| 250 | _a10th ed. | ||
| 260 |
_aBoston : _bMcGrawHill, _c2006. |
||
| 300 | _axvii, 830 p. | ||
| 650 | 0 |
_aAccounting. _@0000148321 |
|
| 852 | 1 | _9p3850 KES | |
| 852 | 1 | _9p3850 KES | |
| 852 | 1 | _9p3850 KES | |
| 908 | _a110228 | ||
| 950 | _@1 | ||
| 999 |
_c1540 _d1540 |
||